Sports Quiz

Random Sports or MLB Quiz

Opening Day Lineups: Giants Quiz Stats

 Plays Quiz Updated Apr 4, 2019

Score 0/261 Timer 17:00
6 Plays Today
Hint Answer % Correct
1993Barry Bonds
95.5%
1994Barry Bonds
95.5%
1995Barry Bonds
95.5%
1996Barry Bonds
95.5%
1997Barry Bonds
95.5%
1998Barry Bonds
95.5%
1999Barry Bonds
95.5%
2000Barry Bonds
95.5%
2001Barry Bonds
95.5%
2002Barry Bonds
95.5%
2003Barry Bonds
95.5%
2004Barry Bonds
95.5%
2006Barry Bonds
95.5%
2007Barry Bonds
95.5%
2012Buster Posey
91.5%
2011Buster Posey
91.5%
2013Buster Posey
91.4%
2014Buster Posey
91.4%
2015Buster Posey
91.1%
2016Buster Posey
90.6%
2009Tim Lincecum
87.9%
2019Buster Posey
87.6%
2018Buster Posey
86.9%
2010Tim Lincecum
86.5%
2012Tim Lincecum
84.6%
2011Tim Lincecum
84.6%
2012Pablo Sandoval
84.4%
2011Pablo Sandoval
84.4%
2013Pablo Sandoval
84.3%
2014Pablo Sandoval
83.7%
2014Madison Bumgarner
83.5%
2015Madison Bumgarner
83.5%
2016Madison Bumgarner
83.4%
1997Jeff Kent
83.4%
1998Jeff Kent
83.4%
1999Jeff Kent
83.4%
2000Jeff Kent
83.4%
2001Jeff Kent
83.4%
2009Pablo Sandoval
82.4%
2019Madison Bumgarner
81.6%
2010Pablo Sandoval
81.2%
2014Brandon Belt
80.1%
2015Brandon Belt
79.7%
2016Brandon Belt
79.6%
2014Hunter Pence
79.5%
2013Brandon Belt
78.8%
2016Hunter Pence
78.8%
2013Matt Cain
78.6%
2019Brandon Belt
78.4%
2014Brandon Crawford
78%
2016Brandon Crawford
78%
2015Brandon Crawford
77.9%
2012Brandon Belt
77.7%
2011Brandon Belt
77.7%
2013Hunter Pence
77.6%
2019Brandon Crawford
76.4%
2018Brandon Belt
76.1%
2013Brandon Crawford
75.4%
2018Brandon Crawford
74.8%
2012Brandon Crawford
73.8%
2018Hunter Pence
73.2%
1991Matt Williams
72.4%
1992Matt Williams
72.4%
1993Matt Williams
72.4%
1994Matt Williams
72.4%
1995Matt Williams
72.4%
1996Matt Williams
72.4%
2014Angel Pagan
70.9%
2013Angel Pagan
70.3%
2012Angel Pagan
69.8%
2015Angel Pagan
69.6%
2008Bengie Molina
69.2%
2007Bengie Molina
69.2%
2009Bengie Molina
69.2%
1991Will Clark
68.5%
1992Will Clark
68.5%
1993Will Clark
68.5%
2010Bengie Molina
67.9%
2016Joe Panik
67.9%
2016Angel Pagan
67.8%
2015Joe Panik
67.6%
1997J.T. Snow
66.4%
1998J.T. Snow
66.4%
1999J.T. Snow
66.4%
2000J.T. Snow
66.4%
2001J.T. Snow
66.4%
2002J.T. Snow
66.4%
Hint Answer % Correct
2005J.T. Snow
66.4%
2003J.T. Snow
66.4%
2004J.T. Snow
66.4%
2019Joe Panik
66.1%
2018Joe Panik
64.8%
2019Evan Longoria
63.3%
2009Edgar Renteria
63.1%
2007Barry Zito
62.5%
2008Barry Zito
62.5%
2010Edgar Renteria
62.1%
2010Aubrey Huff
61.9%
1998Rich Aurilia
61.8%
1999Rich Aurilia
61.8%
2000Rich Aurilia
61.8%
2001Rich Aurilia
61.8%
2002Rich Aurilia
61.8%
2003Rich Aurilia
61.8%
2007Rich Aurilia
61.8%
2008Rich Aurilia
61.8%
2005Jason Schmidt
61.5%
2006Jason Schmidt
61.5%
2018Evan Longoria
60.8%
1998Brian Johnson
58.8%
2003Benito Santiago
57.9%
2018Andrew McCutchen
57.8%
2002Benito Santiago
57.5%
2016Denard Span
56.6%
2008Aaron Rowand
56.5%
2009Aaron Rowand
56.5%
2011Freddy Sanchez
56.5%
2012Aubrey Huff
56.4%
2011Aubrey Huff
56.4%
2010Aaron Rowand
55.5%
2018Austin Jackson
54.7%
2010Juan Uribe
54.1%
1991Kevin Mitchell
52.8%
2003Ray Durham
52.1%
2004Ray Durham
52.1%
2005Ray Durham
52.1%
2006Ray Durham
52.1%
2007Ray Durham
52.1%
2008Ray Durham
52.1%
2013Marco Scutaro
52%
1991Robby Thompson
50.7%
1992Robby Thompson
50.6%
1993Robby Thompson
50.7%
1994Robby Thompson
50.7%
1995Robby Thompson
50.7%
1996Robby Thompson
50.7%
2000Livan Hernandez
49%
2001Livan Hernandez
49%
2002Livan Hernandez
49%
2005Omar Vizquel
48.9%
2006Omar Vizquel
48.1%
2007Omar Vizquel
48.1%
2011Andres Torres
47.7%
2013Andres Torres
47.4%
2016Matt Duffy
47.3%
2015Gregor Blanco
46.8%
2012Melky Cabrera
46.1%
2009Fred Lewis
44.9%
1992Darren Lewis
44.9%
1994Darren Lewis
44.9%
1995Darren Lewis
44.9%
2011Pat Burrell
44.2%
2001Russ Davis
43.2%
2002Reggie Sanders
41%
2002David Bell
40.9%
2002Pedro Feliz
40.8%
2005Pedro Feliz
40.8%
2006Pedro Feliz
40.8%
2007Pedro Feliz
40.8%
2005Moises Alou
40.1%
2006Moises Alou
40.1%
2003Marquis Grissom
40%
2004Marquis Grissom
40%
2005Marquis Grissom
40%
2006Randy Winn
39.3%
2007Randy Winn
39.3%
2008Randy Winn
39.3%
2009Randy Winn
39.3%
2014Mike Morse
38.7%
2003Kirk Rueter
38.5%
2004Kirk Rueter
38.5%
1997Bill Mueller
37.9%
1999Bill Mueller
37.9%
2000Bill Mueller
37.9%
Hint Answer % Correct
2015Norchika Aoki
37.9%
1998Bill Mueller
37.9%
1992Kirt Manwaring
37.2%
1993Kirt Manwaring
37.2%
1995Kirt Manwaring
37.2%
1996Kirt Manwaring
37.2%
1993Dave Martinez
37%
1994Kirk Manwaring
36.9%
1992Royce Clayton
36.6%
1993Royce Clayton
36.6%
1994Royce Clayton
36.6%
1995Royce Clayton
36.6%
2015Casey McGehee
36.1%
2007Dave Roberts
35.8%
2008Dave Roberts
35.8%
2011Miguel Tejada
35.3%
1991John Burkett
34.9%
1994John Burkett
34.9%
1993John Burkett
34.9%
2009Travis Ishikawa
34.9%
2018Ty Blach
34.4%
2019Steven Duggar
34.4%
2003Edgardo Alfonzo
34.4%
2004Edgardo Alfonzo
34.4%
2005Edgardo Alfonzo
34.4%
1999Marvin Benard
33.9%
2000Marvin Benard
33.9%
2001Marvin Benard
33.9%
1995Glenallen Hill
33.4%
1996Glenallen Hill
33.4%
1997Glenallen Hill
33.4%
2012Ryan Theriot
32.9%
1999Ellis Burks
32.8%
2000Ellis Burks
32.8%
2005Mike Matheny
32.6%
2006Mike Matheny
32.6%
2003Jose Cruz Jr.
32.4%
2017Buster Posey
31.8%
1991Willie McGee
31.4%
1993Willie McGee
31.4%
1994Willie Mcgee
31.4%
2004Neifi Perez
30.7%
2004A.J. Pierzynski
30.5%
1992Bill Swift
30.1%
2017Madison Bumgarner
29.4%
2014Joaquin Arias
29.3%
1998Shawn Estes
29.3%
2019Connor Joe
29%
1997Darryl Hamilton
28.9%
1998Darryl Hamilton
28.9%
2017Brandon Belt
28%
2017Brandon Crawford
27.6%
2017Hunter Pence
27.6%
1996Shawon Dunston
27.5%
2019Michael Reed
27.1%
2010Mark DeRosa
27%
2002Tsuyoshi Shinjo
25.8%
1997Mark Gardner
25.3%
1999Mark Gardner
25.3%
2010John Bowker
25.3%
2017Joe Panik
24%
2008Jose Castillo
23.7%
2009Emmanuel Burriss
23.7%
1995J.R. Phillips
22.8%
2004Michael Tucker
22.8%
2006Lance Niekro
22%
2001Armando Rios
21.6%
2000Bobby Estalella
21.5%
2001Bobby Estalella
21.5%
1996Stan Javier
21.5%
1998Stan Javier
21.5%
1997Jose Vizcaino
21.2%
1995Terry Mulholland
21%
1999Brent Mayne
20.5%
2017Denard Span
19.5%
1991Steve Decker
19.5%
2008Brian Bocock
19.4%
1996Mark Leiter
18.9%
1991Kevin Bass
18.9%
1994Todd Benzinger
18.8%
1991Mike Benjamin
17.9%
1996Mark Carreon
17.7%
1997Rick Wilkins
16.5%
1992Cory Snyder
16.3%
1992Mike Felder
16.2%
2017Eduardo Nunez
13.4%
2017Jarrett Parker
13%

You're not logged in!

Compare scores with friends on all Sporcle quizzes.
OR
Log In

Sporcle TV

Today on Sporcle TV


Watch our educational content, quiz creation guides, and fun videos on Sporcle TV.

Show Comments

Extras

Top Quizzes Today


Score Distribution

Your Account Isn't Verified!

In order to create a playlist on Sporcle, you need to verify the email address you used during registration. Go to your Sporcle Settings to finish the process.

Report this User

Report this user for behavior that violates our Community Guidelines.

Details: